[Event "UK Armed Forces-ch"]
[Site "Wittering"]
[Date "2023.04.16"]
[Round "5"]
[White "Ross, David C"]
[Black "Jackson, Richard"]
[Result "1-0"]
[WhiteElo "1695"]
[BlackElo "1332"]
[PlyCount "72"]
[EventDate "2023.04.14"]
[EventType "swiss"]
[EventRounds "7"]
[EventCountry "ENG"]
[SourceTitle "EXT 2024"]
[Source "ChessBase"]
[SourceDate "2023.10.10"]
[SourceVersion "1"]
[SourceVersionDate "2023.10.10"]
[SourceQuality "1"]

1. e4 e5 2. Nf3 Nc6 3. c3 d5 4. Qa4 Bd7 5. exd5 Nd4 6. Qd1 Nxf3+ 7. Qxf3 Bc5 8. b4 Bd6 9. Bc4 Nf6 10. 0-0 0-0 11. d3 h6 12. Nd2 c5 13. a3 b5 14. Bb3 cxb4 15. axb4 Bg4 16. Qe3 Bb8 17. c4 bxc4 18. dxc4 e4 19. Nxe4 Nxe4 20. Qxe4 Qd6 21. g3 Bh3 22. Re1 Qxb4 23. Bc2 Bf5 24. Qe2 Qc3 25. Bxf5 Qxa1 26. Bxh6 Qf6 27. Bxg7 Qxg7 28. c5 Bc7 29. d6 Ba5 30. Rb1 Rfe8 31. Qb5 Bc3 32. d7 Red8 33. c6 Qe5 34. Qxe5 Bxe5 35. Rb7 a5 36. c7 Bxc7 1-0

[Event "IECG LM.2001.0.00006 email"]
[Site "IECG email"]
[Date "2001.02.04"]
[Round "?"]
[White "Guedon, Stephane"]
[Black "Jackson, Richard"]
[Result "1-0"]
[WhiteElo "2282"]
[BlackElo "2235"]
[PlyCount "39"]
[EventDate "2001.02.04"]
[EventType "tourn (corr)"]
[EventRounds "14"]
[SourceTitle "Corr 2008"]
[Source "ChessBase"]
[SourceDate "2008.06.24"]
[SourceVersion "1"]
[SourceVersionDate "2008.06.24"]
[SourceQuality "1"]

1. d4 Nf6 2. c4 g6 3. Nc3 d5 4. cxd5 Nxd5 5. e4 Nxc3 6. bxc3 Bg7 7. Nf3 c5 8. Be3 Qa5 9. Qd2 Nc6 10. Rc1 cxd4 11. cxd4 Qxd2+ 12. Kxd2 0-0 13. d5 Rd8 14. Ke1 Na5 15. Bg5 Bd7 16. Bd3 Rdc8 17. Ke2 e6 18. Be3 exd5 19. exd5 Bc3 20. Ng5 1-0

[Event "IECG LM.2001.0.00006 email"]
[Site "IECG email"]
[Date "2001.02.04"]
[Round "?"]
[White "Jackson, Richard"]
[Black "Daurelle, Herve"]
[Result "0-1"]
[WhiteElo "2235"]
[BlackElo "2209"]
[PlyCount "40"]
[EventDate "2001.02.04"]
[EventType "tourn (corr)"]
[EventRounds "14"]
[SourceTitle "Corr 2008"]
[Source "ChessBase"]
[SourceDate "2008.06.24"]
[SourceVersion "1"]
[SourceVersionDate "2008.06.24"]
[SourceQuality "1"]

1. e4 e5 2. Nf3 Nc6 3. Bc4 Nf6 4. d4 exd4 5. 0-0 Nxe4 6. Re1 d5 7. Nc3 dxc3 8. Bxd5 Be6 9. Bxe4 Qxd1 10. Rxd1 cxb2 11. Bxb2 f6 12. Re1 Kf7 13. Bc3 Bc5 14. Rab1 Bb6 15. a4 Rad8 16. Bxc6 bxc6 17. a5 Bc5 18. Rb7 Rd7 19. Nd2 a6 20. Ne4 Be7 0-1

[Event "IECG LM.2001.0.00006 email"]
[Site "IECG email"]
[Date "2001.02.04"]
[Round "?"]
[White "Jackson, Richard"]
[Black "Percze, Janos"]
[Result "0-1"]
[WhiteElo "2235"]
[BlackElo "2267"]
[PlyCount "34"]
[EventDate "2001.02.04"]
[EventType "tourn (corr)"]
[EventRounds "14"]
[SourceTitle "Corr 2008"]
[Source "ChessBase"]
[SourceDate "2008.06.24"]
[SourceVersion "1"]
[SourceVersionDate "2008.06.24"]
[SourceQuality "1"]

1. e4 Nf6 2. Nc3 d5 3. d4 dxe4 4. f3 exf3 5. Nxf3 Bf5 6. Ne5 e6 7. g4 Be4 8. Nxe4 Nxe4 9. Qf3 Qh4+ 10. Kd1 Nd6 11. Nxf7 Nxf7 12. Qxb7 Qxg4+ 13. Be2 Qxd4+ 14. Bd2 Ba3 15. c3 Qd5 16. Bf3 Qd7 17. bxa3 Ne5 0-1